[Event "Mumbai Mayors Cup 2nd"]
[Site "Mumbai"]
[Date "2009.05.01"]
[Round "1"]
[White "Borkar, Yashwant"]
[Black "Panchanathan, Magesh Chandran"]
[Result "0-1"]
[WhiteElo "1774"]
[BlackElo "2462"]
[PlyCount "66"]
[EventDate "2009.05.01"]
[EventType "swiss"]
[EventRounds "11"]
[EventCountry "IND"]
[SourceTitle "CBM 130 Extra"]
[Source "ChessBase"]
[SourceDate "2009.07.02"]
[SourceVersion "2"]
[SourceVersionDate "2009.07.15"]
[SourceQuality "1"]

1. e4 e5 2. Nf3 Nc6 3. Bc4 Nf6 4. Ng5 d5 5. exd5 Na5 6. b3 Nxc4 7. bxc4 c6 8. dxc6 h6 9. Nf3 e4 10. Qe2 Be7 11. Ng1 0-0 12. d3 Re8 13. Be3 bxc6 14. h3 exd3 15. cxd3 Bf5 16. d4 Bb4+ 17. Nd2 Ne4 18. Ngf3 Nc3 19. Qf1 Rb8 20. g4 Be4 21. Qg2 Bxf3 22. Nxf3 Nd5+ 23. Ke2 Nf4+ 24. Kf1 Nxg2 25. Kxg2 Bc3 26. Rad1 Rxe3 27. fxe3 Rb2+ 28. Kg3 Qd6+ 29. Kh4 g5+ 30. Nxg5 hxg5+ 31. Kxg5 Rf2 32. Rb1 Qg6+ 33. Kh4 Rg2 0-1

[Event "Mumbai Mayors Cup 1st"]
[Site "Mumbai"]
[Date "2008.05.11"]
[Round "1"]
[White "Borkar, Yashwant"]
[Black "Himanshu, Sharma"]
[Result "0-1"]
[WhiteElo "1797"]
[BlackElo "2412"]
[PlyCount "71"]
[EventDate "2008.05.11"]
[EventType "swiss"]
[EventRounds "11"]
[EventCountry "IND"]
[SourceTitle "CBM 124 Extra"]
[Source "ChessBase"]
[SourceDate "2008.07.03"]
[SourceVersion "1"]
[SourceVersionDate "2008.07.03"]
[SourceQuality "1"]

1. e4 c5 2. Nf3 Nc6 3. d4 cxd4 4. Nxd4 e6 5. Nc3 Qc7 6. Be3 a6 7. Be2 Nf6 8. h3 Bb4 9. Bf3 Ne5 10. Bd2 Nc4 11. Qc1 Nxd2 12. Qxd2 b5 13. 0-0 Bxc3 14. bxc3 Bb7 15. Rfe1 d6 16. a4 bxa4 17. Rxa4 0-0 18. Rb4 Rab8 19. Rxb7 Rxb7 20. e5 dxe5 21. Bxb7 Qxb7 22. Rxe5 Qc7 23. Nf3 h6 24. Re1 Rd8 25. Qe2 a5 26. c4 a4 27. Ne5 a3 28. Ra1 Ra8 29. Qe3 a2 30. c5 Nd5 31. Qe4 Qxc5 32. c4 Nb6 33. Qf4 Qc7 34. Qe3 Nxc4 35. Nd3 Nxe3 36. fxe3 0-1